STRATEGIC MANAGEMENT COMMUNICATION FOR L (Record no. 16792)
[ view plain ]
| 000 -LEADER | |
|---|---|
| fixed length control field | 00397nam a2200145Ia 4500 |
| 008 - FIXED-LENGTH DATA ELEMENTS--GENERAL INFORMATION | |
| fixed length control field | 240624s9999 xx 000 0 und d |
| 041 ## - LANGUAGE CODE | |
| Language code of text/sound track or separate title | eng |
| 082 ## - DEWEY DECIMAL CLASSIFICATION NUMBER | |
| Classification number | 658.4092 WAL |
| 100 ## - MAIN ENTRY--PERSONAL NAME | |
| Personal name | WALKER ROBYN |
| 245 ## - TITLE STATEMENT | |
| Title | STRATEGIC MANAGEMENT COMMUNICATION FOR L |
| 250 ## - EDITION STATEMENT | |
| Edition statement | (2nd ed.) |
| 260 ## - PUBLICATION, DISTRIBUTION, ETC. | |
| Date of publication, distribution, etc. | 2011 |
| Place of publication, distribution, etc. | Australia |
| Name of publisher, distributor, etc. | South-Western Cengage Learning |
| 300 ## - PHYSICAL DESCRIPTION | |
| Extent | xvi, : 361 : p. : cm. ; 25 |
| 365 ## - TRADE PRICE | |
| Currency code | |
| Price amount | 25 |
| Withdrawn status | Lost status | Damaged status | Not for loan | Home library | Current library | Shelving location | Date acquired | Source of acquisition | Cost, normal purchase price | Total Checkouts | Total Renewals | Full call number | Barcode | Date last seen | Date last checked out | Copy number | Price effective from | Koha item type |
|---|---|---|---|---|---|---|---|---|---|---|---|---|---|---|---|---|---|---|
| IMTN | IMTN | Rack 29-B | 03/18/2011 | WBD | 40.00 | 1 | 1 | 658.4092 WAL | 16792 | 10/17/2024 | 09/28/2024 | 47.9 | 06/24/2024 | Books |